header

Liberty and locality in revolutionary France (Record no. 34178)

MARC details
000 -LEADER
fixed length control field 01709nam a2200409 a 4500
082 04 - DEWEY DECIMAL CLASSIFICATION NUMBER
Classification number 944.034
100 1# - MAIN ENTRY--AUTHOR NAME
Personal name Jones, Peter,
245 10 - TITLE STATEMENT
Title Liberty and locality in revolutionary France
260 ## - PUBLICATION, DISTRIBUTION, ETC. (IMPRINT)
Place of publication Cambridge ;
-- New York :
Name of publisher Cambridge University Press,
Year of publication 2003.
300 ## - PHYSICAL DESCRIPTION
Number of Pages xiv, 306 p. :
Other physical details ill., maps.
490 1# - SERIES STATEMENT
Series statement New studies in European history
856 40 - ELECTRONIC LOCATION AND ACCESS
Uniform Resource Identifier http://site.ebrary.com/lib/rucke/Doc?id=10073573

No items available.

© 2026 Rongo University
Contact us: librarian | system librarian | Rongo university